Laddar...

John Ruskin

Bibliografiska uppgifter
Huvudupphovsman: Quennell, Peter
Materialtyp: Printed Book
Publicerad: London Longmans Green & Co. 1956
Serie:Writers and Their Work, No.
Ämnen:
LEADER 00482nam a2200157 4500
082 |a 822.09 RUS-Q 
100 |a Quennell, Peter 
245 |a John Ruskin 
250
260 |a London  |b Longmans Green & Co.  |c 1956 
300
490 |a Writers and Their Work, No. 
650 |a English drama criticism-- Literature 
942 |c BK 
999 |c 225246  |d 225246 
952 |0 0  |1 0  |4 0  |6 822_090000000000000_RUSQ  |7 0  |9 239379  |a SDE  |b SDE  |d 2019-12-12  |l 0  |o 822.09 RUS-Q  |p SDE4560  |r 2019-12-12  |w 2019-12-12  |y BK